| 000 | 00516nam a2200181Ia 4500 | ||
|---|---|---|---|
| 001 | 69257 | ||
| 008 | 151103s9999||||xx |||||||||||||| ||und|| | ||
| 020 | _a9780470012796 | ||
| 040 | _cPK-LaUMT | ||
| 082 |
_a 616.8522306 _bWOR- |
||
| 100 | _aDavey, Graham C. L. | ||
| 245 |
_aWorry and its psychological disorders _btheory, assessment and treatment _cDavey, Graham C. L.|Wells, Adrian |
||
| 260 |
_aChichester,UK: _bJohn Wiley, _c2006 |
||
| 300 | _a410 p. | ||
| 546 | _aEN | ||
| 700 | _aWells, Adrian | ||
| 942 | _cBK | ||
| 999 |
_c78270 _d78270 |
||